000 00708nam a2200265Ia 4500
001 23140
005 20240114000710.0
007 ta
008 060324s1951 a g b000 u 465 u
040 _aCotton College,Assam
041 _a465
082 _a539.3
_bT 489 T
100 _aTimoshenko, S. .
245 0 _aTheory of Elastricity /
_cS.Timoshenko & J.N.Goodier.
_hTextual Documents
250 _a2nd ed. /
260 _aNew York :
_bMcGraw - Hill book company ,
_c1951.
300 _axv,505p. :
_bill ;
_c22cm .
504 _aIndex
653 _aElastricity-Theory
653 _aG-Physics
700 _aGoodier, J.N..
942 _2ddc
_cBK
999 _c23122
_d23122